000 005550000a22001090004500
100 1 _aGarcía, María Claudia
245 1 0 _a¿El secreto mejor guardado del arte colombiano?
300 _aVol.0, núm.23 (Agosto, 2007), Página 35
520 _aEl cineasta colombiano estrenó en la Documenta de Kassel un documental que, bajo el pretexto de ilustrar la vida y obra de Pedro Manrique Figueroa - el presunto precursor del collage en Colombia -, indaga los convulsos años sesenta y setenta.
773 0 _tArcadia / Andrés Felipe Solano, Editor
942 _cANA
999 _c62311
_d62311